000 00412nam a2200145Ia 4500
008 230917s9999||||xx |||||||||||||| ||und||
040 _e49942
_aMAIN
041 _aEnglish
082 _a181.4 S69U
100 _aKumar, Shiv
245 0 _aUpamana in Indian philosophy: Dr S K Belavalkar prize book approved by the University of Poona
260 _aDelhi
_bEastern
_c1980
300 _axiv, 167 p.
942 _cBK
999 _c213144
_d213144